000 00936nam a2200277Ia 4500
003 OSt
005 20220925224013.0
006 a|||||r|||| 00| 0
007 ta
008 220923b |||||||| |||| 00| 0 eng d
020 _a9780415826914
_c3138.25
037 _b1756, 05/03/2018, Orange Boooks International
_cGeneral Book
040 _aRTL
_cRTL
_beng
041 _2eng
_aeng
082 _aX:51:1:(S:44), P9;Q8
100 _aPARSONS Elizabeth
_9233650
245 0 _aContemporary issues in marketing and consumer behaviour
250 _a2nd
260 _aLondon
_bRoutledge
_c2018
300 _avi,185p
_ccm.
650 _aCommerce
700 _a CHATZIDAKIS Andreas
_9290694
700 _a MACLARAN Pauline
_9233651
942 _hX:51:1:(S:44), P9;Q8
_cGB
_2CC
999 _c580791
_d580791